000 00337 a2200145 4500
001 149900
020 _a8508087462
040 _cEscola São Tomás de Aquino
100 _aCINQUETTI, Nicola
240 1 0 _aRomeu e Julieta
_lpor
245 1 0 _aRomeu e Julieta
362 0 _a2003
697 _a*LITERATURA INFANTO JUVENIL
942 _cBK
999 _c149900
_d149900